Salavāra calī, salavāra calī. (Record no. 71734)
[ view plain ]
| 000 -LEADER | |
|---|---|
| fixed length control field | 00476cam a22001931 4500 |
| 001 - CONTROL NUMBER | |
| control field | sa 67000067 |
| 003 - CONTROL NUMBER IDENTIFIER | |
| control field | DLC |
| 005 - DATE AND TIME OF LATEST TRANSACTION | |
| control field | 20260227112311.0 |
| 008 - FIXED-LENGTH DATA ELEMENTS--GENERAL INFORMATION | |
| fixed length control field | 070723q19601967xx a 000 p hin |
| 010 ## - LIBRARY OF CONGRESS CONTROL NUMBER | |
| LC control number | sa 67000067 |
| 040 ## - CATALOGING SOURCE | |
| Original cataloging agency | DLC |
| Transcribing agency | DLC |
| Modifying agency | DLC |
| 050 00 - LIBRARY OF CONGRESS CALL NUMBER | |
| Classification number | PK2098.V863 |
| Item number | S3 |
| 100 1# - MAIN ENTRY--PERSONAL NAME | |
| Personal name | Vyāsa, Gopālaprasāda, |
| Dates associated with a name | 1916- |
| 245 10 - TITLE STATEMENT | |
| Title | Salavāra calī, salavāra calī. |
| 260 ## - PUBLICATION, DISTRIBUTION, ETC. | |
| Date of publication, distribution, etc. | 196- |
| 300 ## - PHYSICAL DESCRIPTION | |
| Extent | 110 p. |
| Other physical details | illus. |
| Dimensions | 17 cm. |
| 500 ## - GENERAL NOTE | |
| General note | In Hindi. |
| 500 ## - GENERAL NOTE | |
| General note | Poems. |
No items available.